000 00678nam a2200277Ia 4500
005 20260324124440.0
008 008 260324s9999 xx 000 0 eng d
020 _a9780080961231
037 _aEBOOK
040 _aCRL
040 _beng
040 _cCRL
041 _2eng
041 _aeng
084 _qCRL
100 _aGraham Harrison; Phil Megicks; Ray Donnelly
_91174199
245 0 _aCIM Coursebook: The Marketing Planning Process
260 _bTaylor and Francis
260 _c2010
365 _a
365 _b300
856 _uhttp://www.taylorfrancis.com/books/9780080961231
942 _cEBOOK
999 _c1768579
_d1768579